000 01408nam a2200325 a 4500
001 ebr10056850
003 CaPaEBR
006 m u
007 cr cn|||||||||
008 890821s1989 dcua sb 000 0 eng
010 _z 89063018
020 _z0309040965
040 _aCaPaEBR
_cCaPaEBR
035 _a(OCoLC)632537876
050 1 4 _aRG137
_b.C634 1989eb
082 0 4 _a613.9/4
_220
245 0 0 _aContraceptive use and controlled fertility
_h[electronic resource] :
_bhealth issues for women and children : background papers /
_cAllan M. Parnell, editor ; Committee on Population, Commission on Behavioral and Social Sciences and Education, National Research Council.
260 _aWashington, D.C. :
_bNational Academy Press,
_c1989.
300 _ax, 161 p. :
_bill.
504 _aIncludes bibliographical references.
533 _aElectronic reproduction.
_bPalo Alto, Calif. :
_cebrary,
_d2013.
_nAvailable via World Wide Web.
_nAccess may be limited to ebrary affiliated libraries.
650 0 _aContraceptives
_xPhysiological effect.
650 0 _aMothers
_xMortality.
650 0 _aBirth intervals.
650 0 _aInfants
_xHealth and hygiene.
655 7 _aElectronic books.
_2local
700 1 _aParnell, Allan M.
710 2 _aebrary, Inc.
856 4 0 _uhttp://site.ebrary.com/lib/rucke/Doc?id=10056850
_zAn electronic book accessible through the World Wide Web; click to view
999 _c70323
_d70323